Cardiovascular disorders / (Record no. 15779)

000 -LEADER
fixed length control field 00456pam a2200169 a 4500
020 ## - INTERNATIONAL STANDARD BOOK NUMBER
ISBN 0801614058
040 ## - CATALOGING SOURCE
Transcribing agency DLC
082 00 - DEWEY DECIMAL CLASSIFICATION NUMBER
Classification number 610 MOS 1990 A056 Or.
100 1# - MAIN ENTRY--AUTHOR NAME
Personal name Canobbio, Mary M.
245 10 - TITLE STATEMENT
Title Cardiovascular disorders /
260 ## - PUBLICATION, DISTRIBUTION, ETC. (IMPRINT)
Place of publication Saint Louis :
Name of publisher Mosby,
Year of publication 1990.
300 ## - PHYSICAL DESCRIPTION
Number of Pages ix, 310 p. :
Other physical details ill. (some col.) ;
Dimensions 29 cm.
650 #0 - SUBJECT ADDED ENTRY--TOPICAL TERM
Topical Term Cardiovascular system
650 #2 - SUBJECT ADDED ENTRY--TOPICAL TERM
Topical Term Cardiovascular Diseases
650 #2 - SUBJECT ADDED ENTRY--TOPICAL TERM
Topical Term Cardiovascular Diseases
942 ## - ADDED ENTRY ELEMENTS (KOHA)
Koha item type សៀវភៅភាសាអង់គ្លេស
952 ## - LOCATION AND ITEM INFORMATION (KOHA)
Withdrawn status [LOCAL, KOHA] 0
Holdings
Permanent Location Date acquired Koha item type Lost status Shelving location Barcode Current Location Full call number
Library Block A2017-12-11សៀវភៅភាសាអង់គ្លេស A056A12967Library Block A610 MOS 1990 A056 Or.
មជ្ឈមណ្ឌលឯការនៃសាកលវិទ្យាល័យភូមិន្ទកសិកម្មចំការដូង

Powered by Koha